Loading...
| Fine Arts - Classical Music and Opera | 4 | 2.50 | 0% | 25% | 0% |
| Fine Arts - Other Arts | 6 | 16.67 | 83% | 67% | 17% |
| Fine Arts - Painting and Sculpture | 6 | 8.33 | 83% | 0% | 0% |
| Geography | 1 | 20.00 | 100% | 100% | 0% |
| History - American History | 1 | 30.00 | 100% | 100% | 100% |
| History - European History | 5 | 14.00 | 80% | 60% | 0% |
| History - Other History | 2 | 15.00 | 100% | 50% | 0% |
| History - World History | 4 | 7.50 | 75% | 0% | 0% |
| Literature - American Literature | 4 | 2.50 | 25% | 0% | 0% |
| Literature - British Literature | 4 | 7.50 | 75% | 0% | 0% |
| Literature - European Literature | 3 | 13.33 | 67% | 33% | 33% |
| Literature - World Literature | 6 | 8.33 | 67% | 17% | 0% |
| Modern World | 3 | 13.33 | 100% | 33% | 0% |
| Mythology | 3 | 10.00 | 100% | 0% | 0% |
| Other Academic | 2 | 10.00 | 100% | 0% | 0% |
| Other Culture | 1 | 30.00 | 100% | 100% | 100% |
| Other Science (Computer Science) | 1 | 10.00 | 0% | 100% | 0% |
| Other Science (Earth Science) | 1 | 0.00 | 0% | 0% | 0% |
| Other Science (Mixed/Any) | 1 | 10.00 | 100% | 0% | 0% |
| Philosophy | 2 | 10.00 | 100% | 0% | 0% |
| Religion | 3 | 10.00 | 100% | 0% | 0% |
| Science - Biology | 5 | 8.00 | 80% | 0% | 0% |
| Science - Chemistry | 3 | 6.67 | 33% | 33% | 0% |
| Science - Physics | 3 | 6.67 | 67% | 0% | 0% |
| Social Science | 2 | 5.00 | 50% | 0% | 0% |